000 00200nam a2200085Ia 4500
008 170617s9999 xx 000 0 und d
100 _aWatson- David L
245 0 _aPharmaceutical Analysis
260 _bElesvir Pub
260 _c2005
999 _c15401
_d15401